header

Democratic theorizing from the margins (Record no. 138804)

MARC details
000 -LEADER
fixed length control field 01412nam a2200361Ia 4500
082 04 - DEWEY DECIMAL CLASSIFICATION NUMBER
Classification number 306.2/0973
100 1# - MAIN ENTRY--AUTHOR NAME
Personal name Brettschneider, Marla.
245 10 - TITLE STATEMENT
Title Democratic theorizing from the margins
260 ## - PUBLICATION, DISTRIBUTION, ETC. (IMPRINT)
Place of publication Philadelphia, PA :
Name of publisher Temple University Press,
Year of publication c2002.
300 ## - PHYSICAL DESCRIPTION
Number of Pages x, 258 p.
650 #0 - SUBJECT ADDED ENTRY--TOPICAL TERM
Topical Term Democracy
Topical Term Marginality, Social
Topical Term Minorities
Topical Term Political science.
Topical Term Women
856 40 - ELECTRONIC LOCATION AND ACCESS
Uniform Resource Identifier http://site.ebrary.com/lib/rucke/Doc?id=10451018

No items available.

© 2026 Rongo University
Contact us: librarian | system librarian | Rongo university